MLB Toronto Blue Jays Best Players - Statistics

General Stats
  • This quiz has been taken 44 times
  • The average score is 13 of 24
Answer Stats
WAR Years Player Pos. Awards % Correct
25.9 2019 - Active Vladimir Guerrero Jr. 1B GG, 2x SS
92%
38.4 2008 - 2017 José Bautista RF 3x SS
84%
48.0 1998 - 2009 Roy Halladay P 2003 Cy Young
79%
20.9 2019 - Active Bo Bichette SS
71%
56.8 1979 - 1992, 1998 Dave Stieb P
71%
22.3 1991 - 1995 Roberto Alomar 2B 5x GG, SS
71%
19.8 2015 - 2018 Josh Donaldson 3B 2x SS, 2015 MVP
68%
36.8 1993 - 2004 Carlos Delgado 1B 3x SS
63%
37.5 1983 - 1990, 1993, 1998 -1999, 2001 Tony Fernández SS 4x GG
63%
22.6 1989 - 1996 John Olerud 1B
61%
20.2 1997 - 1998 Roger Clemens P 1997, 1998 Cy Young
61%
22.3 1991 - 1995 Devon White CF 5x GG
58%
21.2 1981 - 1990 George Bell LF 2x SS, 1987 MVP
58%
29.5 1981 - 1989 Jesse Barfield RF 2x GG, SS
55%
24.9 2006 - 2016 Edwin Encarnación DH
53%
28.7 1999 - 2010 Vernon Wells CF 3x GG, SS
50%
29.6 1984 - 1992 Jimmy Key P
47%
26.5 1991 - 1999 Pat Hentgen P 1996 Cy Young
42%
19.4 1986 - 1990 Fred McGriff 1B SS
39%
26.0 1980 - 1989 Lloyd Moseby CF SS
39%
19.2 1977 - 1989 Ernie Whitt C
37%
24.8 1977 - 1988 Jim Clancy P
26%
20.4 2004 - 2009 Álex Ríos RF
21%
21.0 2001 - 2008 Juan Guzmán P
13%
No matching quizzes found
Score Distribution
Percent of People with Each Score
Percentile by Number Answered
Your Score History
You have not taken this quiz